Spieler von Bayer Leverkusen - Sudden Death - Statistiken

Allgemein
  • Dieses Quiz wurde 490 mal gespielt
  • Das Durchschnittsergebnis liegt bei 16 aus 20
Answers on the Grid
Answers color-coded by a green-red scale on the quiz's grid according to % correct below.
Granit Xhaka
Florian Wirtz
Jeremie Frimpong
Patrik Schick
Victor Boniface
Jonathan Tah
Kai Havertz
Julian Brandt
Michael Ballack
Ulf Kirsten
Moussa Diaby
Toni Kroos
Son Heung-min
Dani Carvajal
Hakan Çalhanoğlu
Leon Bailey
Arturo Vidal
Martin Terrier
André Schürrle
Piero Hincapié
Xabi Alonso
Thomas Müller
Marcel Sabitzer
Marko Arnautović
Fabio Quagliarella
Kobbie Mainoo
Alex Iwobi
Lucas Tousart
Christophe Kerbrat
Miroslav Klose
Raphaël Guerreiro
Xherdan Shaqiri
Mats Hummels
Jack Grealish
Marc Andre Ter Stegen
Mohamed Salah
 
Antwortstatistiken
Antwort % Korrekt
Florian Wirtz
88%
Patrik Schick
87%
Jonathan Tah
86%
Kai Havertz
86%
Granit Xhaka
85%
Jeremie Frimpong
83%
Piero Hincapié
83%
Victor Boniface
83%
Michael Ballack
82%
Julian Brandt
80%
Leon Bailey
80%
Son Heung-min
78%
Moussa Diaby
76%
Hakan Çalhanoğlu
75%
Arturo Vidal
72%
Dani Carvajal
71%
Toni Kroos
71%
Ulf Kirsten
68%
Martin Terrier
67%
André Schürrle
64%
Keine übereinstimmenden Quizze gefunden
Verteilung der Resultate
Anzahl Personen mit jedem Resultat
Perzentil nach korrekt beantworteten Fragen
Ihre Resultats-Entwicklung
Sie haben dieses Quiz noch nicht gespielt